Mesto ovládne francúzska kultúra

Bibliographic Details
Format: Article
Language:Slovak
PhysicalDescription:Fotogr.
ISSN:1335-4566
Subjects:
Online Access:www.korzar.sk

MARC

LEADER 00000nab a2200000 a 4500
001 vtls008954749
003 SK-MaSNL
005 20260303070330.0
008 070313c20070313xo drz 0 0slo
038 |a KEVKJB 
040 |a KEVKJB  |b slo  |c KEVKJB  |e AACR2 
041 0 |a slo 
044 |a xo  |c SK 
080 |a 394.9(44)  |2 2001 
245 0 0 |a Mesto ovládne francúzska kultúra  |c [autor] (ato) 
300 |b Fotogr. 
611 2 7 |a Dni francúzskej kultúry  |n (8. :  |d 2007 :  |c Košice, Slovensko)  |x program  |2 kevkjb  |9 1067633 
650 0 7 |a francúzska kultúra  |2 kevkjb  |9 522762 
651 7 |a Košice (Slovensko)  |2 kevkjb  |9 18694 
773 0 |t Košický denník Korzár  |g Roč. X, č. 60 (13.3.2007), s. 3  |x 1335-4566 
852 |a KEVKJB  |b KIS3GCP 
856 4 1 |u www.korzar.sk 
958 |a FR 
999 |c 1754906  |d 1756836